000 00380nam a2200133Ia 4500
005 20260328101523.0
008 260328s9999||||xx |||||||||||||| ||und||
100 _aKunstler, James Howard
245 0 _aMeditaciones sobre la condición Urbana problemática del Nuevo Urbanismo /
_cJames Howard Kunstler
260 _bUnión
300 _a211 p.
650 _aURBANISMO
942 _cBK
999 _c9666
_d9666